000 00539cam a2200217 4500
001 M1180
008 090401t1992 xxu||||| |||| 00| 0 eng d
035 _a(Sirsi) u30323
041 _aeng
050 _a333.33065
110 _aOmbudsman for Corporate Estate Agents
_91820
245 _aOmbudsman scheme.
260 _aSalisbury, Wilts.
_bOCEA
_c1992
300 _a8 items in folder ; 30cm.
350 _a0
650 _aCOMPLAINTS SERVICE
650 _aESTATE AGENTS
650 _aOMBUDSMAN
942 _n0
948 _c04/03/1997
999 _c89487
_d89487